000 00453 a2200157 4500
001 149580
040 _cEscola São Tomás de Aquino
100 _aAGUIAR, André Ricardo
240 1 0 _aChá de sumiço
_lpor
245 1 0 _aChá de sumiço
300 _a31
362 0 _a2013
440 1 _aAutêntica
697 _aHistórias de bruxas, centauros, fadas, duendes, deuses, sereias, ogres, vampiros, feiticeiros, mágicos
942 _cBK
999 _c149580
_d149580